Genetic dissection of complex traits (Record no. 41744)

MARC details
000 -LEADER
fixed length control field 00427nam a2200157Ia 4500
082 ## - DEWEY DECIMAL CLASSIFICATION NUMBER
Classification number 575
Item number ADV.42
100 ## - MAIN ENTRY--AUTHOR NAME
Personal name Province, Michael A
245 #0 - TITLE STATEMENT
Title Genetic dissection of complex traits
260 ## - PUBLICATION, DISTRIBUTION, ETC. (IMPRINT)
Place of publication San Diego
Name of publisher Academic Press
Year of publication 2001
490 ## - SERIES STATEMENT
Series statement Advances in Genetics. 42
650 ## - SUBJECT ADDED ENTRY--TOPICAL TERM
Topical Term Genome partitioning
650 ## - SUBJECT ADDED ENTRY--TOPICAL TERM
Topical Term Genome scanning
700 ## - ADDED ENTRY--PERSONAL NAME
Personal name Rao, D C
942 ## - ADDED ENTRY ELEMENTS (KOHA)
Koha item type Books
Holdings
Withdrawn status Lost status Damaged status Not for loan Home library Current library Date acquired Cost, normal purchase price Full call number Accession Number Koha item type
        RRII Library RRII Library 16/12/2021 119.95 575 ADV.42 22030 Books